Kisah - Kisah Benar & Penglipur Lara
| Format: | Book |
|---|---|
| Published: |
Kuala Lumpur :
Al - Hidayah ,
1999
|
| Series: | Siri 2
|
| Subjects: |
MARC
| LEADER | 00000cam a2200000 7i4500 | ||
|---|---|---|---|
| 001 | 0000058236 | ||
| 005 | 20160111.0 | ||
| 008 | 160107 | ||
| 020 | |a 9830990168 | ||
| 090 | 0 | 0 | |a 297.18 |b KIS |
| 245 | 1 | 0 | |a Kisah - Kisah Benar & Penglipur Lara |
| 260 | |a Kuala Lumpur : |b Al - Hidayah , |c 1999 | ||
| 300 | |a 207pg. | ||
| 490 | 0 | |a Siri 2 | |
| 650 | 0 | |a Religion |x Islam | |
| 999 | |a 0000921634 |b Book |c Adult Collection |e Cawangan Bukit Gambir | ||
| 999 | |a 0000921635 |b Book |c Adult Collection |e Cawangan Bukit Gambir | ||